00381pab a2200133 454500008004000000100002200040245007500062260000900137300001000146362001000156650004100166650002800207773001200235180718b2002 xxu||||| |||| 00| 0 eng d aParthasarathy, G. aThe Powell - Musharraf connection: need for extensive Indo-US dialogue c2002 ap.10. a1 Aug aIndia - Foreign relations - Pakistan aInternational relations aTribune